000
00330nam a2200145Ia 4500
008
210210b1939 xxu||||| |||| 00| 0 eng d
041
_a
eng
082
_a
881/58
100
_a
KALIDASA
245
_a
Srinagaratilakam
260
_a
Bombay
_b
-
_c
1939
650
_a
Srinagaratilakam
690
_a
Sanskrit Poetry
906
_a
024229
999
_c
149627
_d
149627